| LEADER | 02115nam a2200373 a 4500 | ||
|---|---|---|---|
| 001 | GR-MES12564 | ||
| 008 | 070629s gr b 001 0 gre d | ||
| 020 | |a 9602709693 |q set | ||
| 020 | |a 9602709707 |q τ.1 | ||
| 020 | |a 9602709715 |q τ.2 | ||
| 020 | |a 9602709723 |q τ.3 | ||
| 040 | |a GrPaTEI |b gre |c GR-PaULI | ||
| 040 | |a GrPaTEI |b gre |c GR-PaULI | ||
| 082 | 0 | |a 940.18 | |
| 100 | 1 | |a Runciman, Steven, |d 1903-2000. | |
| 245 | 1 | 2 | |a Η ιστορία των σταυροφοριών / |c Steven Runciman ; μετάφραση: Άγγυ Βλαβιανού. |
| 260 | |a Αθήνα : |b Γκοβόστη, |c 2006 | ||
| 300 | |a 3τ. : |b εικ.,χαρτ. ; |c 24εκ. | ||
| 500 | |a τ. Α':Η πρώτη Σταυροφορία και η ίδρυση του βασιλείου της Ιερουσαλήμ. | ||
| 500 | |a τ. Β':Το Βασίλειο της Ιερουσαλήμ και η Φράγκικη Ανατολή, 1100-1187 | ||
| 500 | |a τ. Γ':Το Βασίλειο της Άκρας και οι τελευταίες Σταυροφορίες | ||
| 500 | |a Τίτλος πρωτοτύπου A history of the crusades | ||
| 504 | |a Περιλαμβάνει βιβλιογραφία και ευρετήριο | ||
| 650 | 0 | |a Crusades | |
| 650 | 0 | |a History | |
| 650 | 4 | |a Ιστορία |y 1099-1244 | |
| 650 | 4 | |a Σταυροφορίες | |
| 700 | 1 | |a Βλαβιανού, Άγγυ | |
| 942 | |2 ddc | ||
| 952 | |0 0 |1 0 |2 ddc |3 τ.Α' |4 0 |6 940_180000000000000_RUN |7 0 |9 271196 |a MSLG |b MSLG |c BSC |d 2021-01-17 |e 24 |f 0 |g 0.00 |l 0 |o 940.18 RUN |p 2420000022130 |r 2021-01-17 00:00:00 |t 1 |w 2021-01-17 |y BK15 |x 20070629 0 1 |x GrPaTEI | ||
| 952 | |0 0 |1 0 |2 ddc |3 τ.Β' |4 0 |6 940_180000000000000_RUN |7 0 |9 271197 |a MSLG |b MSLG |c BSC |d 2021-01-17 |e 24 |f 0 |g 0.00 |l 0 |o 940.18 RUN |p 2420000022131 |r 2021-01-17 00:00:00 |t 1 |w 2021-01-17 |y BK15 |x 20070629 0 ΓΑΒΡΙΝΑ 1 |x GrPaTEI | ||
| 952 | |0 0 |1 0 |2 ddc |3 τ.Γ' |4 0 |6 940_180000000000000_RUN |7 0 |9 271198 |a MSLG |b MSLG |c BSC |d 2021-01-17 |e 24 |f 0 |g 0.00 |l 0 |o 940.18 RUN |p 2420000022132 |r 2021-01-17 00:00:00 |t 1 |w 2021-01-17 |y BK15 |x 20070629 0 ΓΑΒΡΙΝΑ 1 |x GrPaTEI | ||
| 971 | |a .b25786118 |b 01-10-20 |c 13-09-16 | ||
| 999 | |c 156615 |d 156615 | ||